| Tag |
First Indicator |
Second Indicator |
Subfields |
| LEADER |
00000cam a22000008a 4500 |
| 001 |
in00000018056 |
| 005 |
20151007053135.0 |
| 008 |
880129s1988 nyu f 00110 eng |
| 010 |
|
|
|a 88000569
|
| 020 |
|
|
|a 0070404623 :
|c $59.50
|
| 035 |
|
|
|a (OCoLC)17477015
|
| 035 |
|
|
|9 AAB0539AM
|
| 040 |
|
|
|a DLC
|c DLC
|d TXA
|d UtOrBLW
|
| 049 |
|
|
|a TXAF
|c [A11083238]
|
| 050 |
0 |
0 |
|a TK454
|b .M29 1988
|
| 082 |
0 |
|
|a 621.319/2
|2 19
|
| 100 |
1 |
|
|a Markus, John,
|d 1911-
|
| 245 |
1 |
0 |
|a Essential circuits reference guide /
|c John Markus, Charles Weston.
|
| 263 |
|
|
|a 8802
|
| 264 |
|
1 |
|a New York :
|b McGraw-Hill,
|c [1988]
|
| 264 |
|
4 |
|c ©1988
|
| 300 |
|
|
|a xv, 531 pages
|
| 336 |
|
|
|a text
|b txt
|2 rdacontent
|
| 337 |
|
|
|a unmediated
|b n
|2 rdamedia
|
| 338 |
|
|
|a volume
|b nc
|2 rdacarrier
|
| 490 |
1 |
|
|a McGraw-Hill engineering reference guide series
|
| 500 |
|
|
|a Includes index.
|
| 650 |
|
0 |
|a Electric circuits
|x Handbooks, manuals, etc.
|
| 650 |
|
0 |
|a Electronic circuits
|v Handbooks, manuals, etc.
|
| 700 |
1 |
|
|a Weston, Charles
|q (Charles D.)
|
| 830 |
|
0 |
|a McGraw-Hill engineering reference guide series.
|
| 999 |
|
|
|a MARS
|
| 999 |
f |
f |
|s 4882a66d-49d0-39a4-883b-4117d1fdef14
|i 7724c087-186c-3c25-8f83-b91a7719dc9c
|t 0
|
| 952 |
f |
f |
|p ric
|a Texas A&M University
|b Rellis Campus
|c Joint Library Facility
|d Remote Storage
|t 0
|e TK454 .M29 1988
|h Library of Congress classification
|i unmediated -- volume
|m A14830368231
|
| 998 |
f |
f |
|a TK454 .M29 1988
|t 0
|l Remote Storage
|